L'Europe et ses Etats dans la mondialisation (notice n° 2065242)

détails MARC
000 -LEADER
fixed length control field 00802cam a2200157 4500500
005 - DATE AND TIME OF LATEST TRANSACTION
control field 20260405003208.0
041 ## - LANGUAGE CODE
Language code of text/sound track or separate title fre
042 ## - AUTHENTICATION CODE
Authentication code dc
100 10 - MAIN ENTRY--PERSONAL NAME
Personal name Picq, Jean
Relator term author
245 00 - TITLE STATEMENT
Title L'Europe et ses Etats dans la mondialisation
260 ## - PUBLICATION, DISTRIBUTION, ETC.
Date of publication, distribution, etc. 2010.<br/>
500 ## - GENERAL NOTE
General note 62
520 ## - SUMMARY, ETC.
Summary, etc. RésuméAppartenir à l'Europe constitue une double chance pour aborder la mondialisation : nous avons une expérience plurielle du monde et une construction politique originale du dépassement des Etats-Nations. Nous devons maintenant changer notre regard sur le monde et avoir confiance en nous pour accomplir les promesses de l'Europe.
786 0# - DATA SOURCE ENTRY
Note Études | Tom 413 | 11 | 2010-10-29 | p. 449-459 | 0014-1941
856 41 - ELECTRONIC LOCATION AND ACCESS
Uniform Resource Identifier <a href="https://shs.cairn.info/revue-etudes-2010-11-page-449?lang=fr&redirect-ssocas=7080">https://shs.cairn.info/revue-etudes-2010-11-page-449?lang=fr&redirect-ssocas=7080</a>

Pas d'exemplaire disponible.

PLUDOC

PLUDOC est la plateforme unique et centralisée de gestion des bibliothèques physiques et numériques de Guinée administré par le CEDUST. Elle est la plus grande base de données de ressources documentaires pour les Étudiants, Enseignants chercheurs et Chercheurs de Guinée.

Adresse

627 919 101/664 919 101

25 boulevard du commerce
Kaloum, Conakry, Guinée

Réseaux sociaux

Powered by Netsen Group @ 2025